000 01828cam a22004454i 4500
003 PE-LiUPU
005 20250731184543.0
008 150623s r 000 0 d
035 _a(Sirsi) a27727
040 _aPE-LiUPU
_bspa
_cPE-LiUPU
_erda
082 0 4 _a918.508
_bR336
_223
245 1 0 _aRegión Arequipa. Arequipa /
_cPedro Felipe Cortázar.
264 1 _a[Lima] :
_bInvensiones y Negocios EMISA,
_c1992.
300 _a128 páginas :
_bilustraciones, fotos, mapas, gráficos ;
_c21 cm.
336 _atext
_2rdacontent
337 _aunmediated
_2rdamedia
338 _avolume
_2rdacarrier
490 0 _aImagen del Perú; las regiones del país ;
_v1
500 _aDatos tomados de la cubierta.
505 0 _aLa regionalización. Región Arequipa. Prefacio-Polo de desarrollo del sur. Viajes y turismo. Oficina del touring Club en Arequipal. Señorial y moderna. Atractivos aledaños rurales. La comarca del fuego. Turismo de aventura. Folklore-poemas para ser cantados. Peleas de toros. Actividades económicas. Personajes. Historia. La cultura en Arequipa. Economía - plan regional de desarrollo. El proyecto majes. Problemática económica. Visión Arqueologíca Arequipa.
526 _aP136
526 _aP135
526 _aP134
526 _aP133
526 _aP144
526 _aP143
526 _aP87
526 _aP35
526 _aP20
526 _aP14
526 _aP10
526 _aP06
650 1 4 _aTurismo
_zPerú
_zArequipa.
_95505
651 2 4 _aArequipa (Perú : Departamento)
_xDescripciones y viajes.
_93050
651 2 4 _aArequipa (Perú : Departamento)
_xVida y costumbres sociales.
_95506
700 _aCortázar, Pedro Felipe,
_d1925-
_edirector.
_93051
942 _2ddc
_cBK
980 _81
_gALBERTO SANCHEZ Responsable de Automatización
999 _c34897
_d34897